Normal view
MARC view
Entry Personal Name
001 - CONTROL NUMBER
- control field: 11068
003 - CONTROL NUMBER IDENTIFIER
- control field: BD-RjUL
005 - DATE AND TIME OF LATEST TRANSACTION
- control field: 20240123144713.0
008 - FIXED-LENGTH DATA ELEMENTS
- fixed length control field: 240123|| aca||aabn | a|a d
040 ## - CATALOGING SOURCE
- Original cataloging agency: BD-RjUL
- Transcribing agency: BD-RjUL
100 ## - HEADING--PERSONAL NAME
- Personal name: Lucas, E. V
670 ## - SOURCE DATA FOUND
- Source citation: Work cat.: (BD-RjUL)82750: Austen, Jane, 1775-1817. 58719, Emma /, 1946, [reprinted 1963]